[Event "chess.com qf blitz 1m+1spm"]
[Site "Chess.com INT"]
[Date "2016.05.10"]
[Round "21"]
[White "Caruana, Fabiano"]
[Black "Vachier Lagrave, Maxime"]
[Result "1/2-1/2"]
[WhiteElo "2795"]
[BlackElo "2788"]
[PlyCount "149"]
[EventDate "2016.04.06"]
[EventType "match (blitz)"]
[EventRounds "26"]
[EventCountry "USA"]
[SourceTitle "EXT 2017"]
[Source "ChessBase"]
[SourceDate "2016.10.25"]
[SourceVersion "1"]
[SourceVersionDate "2016.10.25"]
[SourceQuality "1"]

1. e4 c5 2. Nf3 d6 3. Bb5+ Bd7 4. c4 Nc6 5. O-O g6 6. d4 cxd4 7. Nxd4 Bg7 8.
Be3 Nf6 9. f3 O-O 10. Nc3 Rc8 11. Rc1 Nxd4 12. Bxd4 a6 13. Bxd7 Nxd7 14. Bxg7
Kxg7 15. Qd4+ Kg8 16. b3 Qb6 17. Rfd1 Qxd4+ 18. Rxd4 Nf6 19. a4 Rc5 20. Kf2
Rfc8 21. Rcd1 Kf8 22. Ke3 Ke8 23. R4d2 Nd7 24. Nd5 R5c6 25. a5 b6 26. axb6 Nxb6
27. Nb4 Rc5 28. Nxa6 Ra5 29. Nb4 Ra3 30. Rd3 Rb8 31. Nc6 Rb7 32. Nd4 Nd7 33.
Nb5 Ra2 34. R3d2 Ra6 35. f4 f6 36. Rb2 Nc5 37. b4 Nd7 38. Nd4 Ra3+ 39. Rd3 Ra4
40. Rdb3 Nb6 41. Kd3 Ra1 42. Rc2 Rd1+ 43. Ke3 Re1+ 44. Ne2 Nd7 45. Kf2 Ra1 46.
Nd4 Ra4 47. Nb5 Nb6 48. Nd4 Nd7 49. Nb5 Nb6 50. Nc3 Ra1 51. Nd5 Nd7 52. Rd3 e6
53. Ne3 Rxb4 54. Rxd6 Nc5 55. Kf3 Ra3 56. Rc6 Nb3 57. Rxe6+ Kd7 58. Rxf6 Nd4+
59. Kg4 Rxe3 60. Rd2 Rxe4 61. Rf7+ Ke6 62. Rxh7 Rxc4 63. g3 Nf5 64. Ra7 Red4
65. Ra6+ Kf7 66. Rxd4 Rxd4 67. Kg5 Rd6 68. Rxd6 Nxd6 69. h4 Ne4+ 70. Kg4 Nf6+
71. Kf3 Ke6 72. g4 Kf7 73. f5 gxf5 74. gxf5 Kg7 75. h5 1/2-1/2

[Event "chess.com qf blitz 1m+1spm"]
[Site "Chess.com INT"]
[Date "2016.05.10"]
[Round "22"]
[White "Vachier Lagrave, Maxime"]
[Black "Caruana, Fabiano"]
[Result "1-0"]
[WhiteElo "2788"]
[BlackElo "2795"]
[PlyCount "119"]
[EventDate "2016.04.06"]
[EventType "match (blitz)"]
[EventRounds "26"]
[EventCountry "USA"]
[SourceTitle "EXT 2017"]
[Source "ChessBase"]
[SourceDate "2016.10.25"]
[SourceVersion "1"]
[SourceVersionDate "2016.10.25"]
[SourceQuality "1"]

1. e4 c5 2. Nf3 e6 3. d4 cxd4 4. Nxd4 a6 5. Bd3 Bc5 6. Nb3 Be7 7. Nc3 d6 8. Qg4
g6 9. Qe2 Nd7 10. O-O Qc7 11. f4 b5 12. Be3 Bb7 13. f5 gxf5 14. exf5 e5 15. Be4
Ngf6 16. Bxb7 Qxb7 17. Rad1 Rg8 18. Rfe1 Rc8 19. g3 h5 20. Qg2 Qxg2+ 21. Kxg2
b4 22. Ne2 Rxc2 23. Rc1 Rxb2 24. Rc8+ Bd8 25. Na5 Nd5 26. Nc6 Nxe3+ 27. Kf3 Kf8
28. Rxd8+ Kg7 29. Rxg8+ Kxg8 30. Kxe3 a5 31. Nxa5 Rxa2 32. Nc6 b3 33. Rb1 Nf6
34. Nc3 Ng4+ 35. Kd3 Rxh2 36. Rxb3 Nf6 37. Ne4 Nxe4 38. Kxe4 Kg7 39. Nb4 Re2+
40. Re3 Rd2 41. Rd3 Re2+ 42. Kf3 Rb2 43. Nd5 Rb1 44. Ne3 Rb6 45. Rd5 Rc6 46.
Rb5 Kf6 47. Nd5+ Kg5 48. Rb7 Rc5 49. Ne3 d5 50. Rxf7 d4 51. Rg7+ Kf6 52. Rg6+
Kf7 53. Nf1 Rc2 54. Re6 Rc3+ 55. Ke4 Rc1 56. Nd2 Re1+ 57. Kd5 Re2 58. Ne4 d3
59. Kxe5 d2 60. Rd6 1-0

[Event "chess.com qf blitz 1m+1spm"]
[Site "Chess.com INT"]
[Date "2016.05.10"]
[Round "24"]
[White "Vachier Lagrave, Maxime"]
[Black "Caruana, Fabiano"]
[Result "1-0"]
[WhiteElo "2788"]
[BlackElo "2795"]
[PlyCount "71"]
[EventDate "2016.04.06"]
[EventType "match (blitz)"]
[EventRounds "26"]
[EventCountry "USA"]
[SourceTitle "EXT 2017"]
[Source "ChessBase"]
[SourceDate "2016.10.25"]
[SourceVersion "1"]
[SourceVersionDate "2016.10.25"]
[SourceQuality "1"]

1. e4 e5 2. Nf3 Nc6 3. Bb5 a6 4. Ba4 Nf6 5. O-O Be7 6. Re1 b5 7. Bb3 d6 8. c3
O-O 9. h3 Rb8 10. d4 exd4 11. cxd4 d5 12. e5 Ne4 13. Nc3 Nxc3 14. bxc3 Bf5 15.
g4 Bg6 16. Bc2 Qd7 17. Bf4 Nd8 18. Bg3 b4 19. cxb4 Rxb4 20. Rc1 Rc4 21. Bb3
Rxc1 22. Qxc1 Ne6 23. Qc3 Be4 24. Nd2 Ng5 25. Kh2 h5 26. h4 Qxg4 27. hxg5 h4
28. Nxe4 dxe4 29. g6 Qxg6 30. Bf4 Qf5 31. Be3 Rb8 32. Qxc7 Re8 33. Qc6 Rd8 34.
Rg1 Kf8 35. Bh6 Qxf2+ 36. Rg2 1-0

[Event "chess.com qf blitz 1m+1spm"]
[Site "Chess.com INT"]
[Date "2016.05.10"]
[Round "25"]
[White "Caruana, Fabiano"]
[Black "Vachier Lagrave, Maxime"]
[Result "0-1"]
[WhiteElo "2795"]
[BlackElo "2788"]
[PlyCount "50"]
[EventDate "2016.04.06"]
[EventType "match (blitz)"]
[EventRounds "26"]
[EventCountry "USA"]
[SourceTitle "EXT 2017"]
[Source "ChessBase"]
[SourceDate "2016.10.25"]
[SourceVersion "1"]
[SourceVersionDate "2016.10.25"]
[SourceQuality "1"]

1. e4 c5 2. Nf3 d6 3. Bc4 Nc6 4. O-O Nf6 5. Re1 Bg4 6. c3 e6 7. d4 cxd4 8. cxd4
Bxf3 9. gxf3 d5 10. exd5 Nxd5 11. Nc3 Be7 12. Qb3 Nxd4 13. Qa4+ Nc6 14. Bxd5
exd5 15. Bf4 O-O 16. Rad1 d4 17. Nb5 Bf6 18. Nd6 Qd7 19. Ne4 Rfe8 20. Nxf6+
gxf6 21. Kh1 Kh8 22. Rg1 Qf5 23. Rg4 Ne5 24. Qxd4 Nxg4 25. fxg4 Qe4+ 0-1

[Event "chess.com qf blitz 1m+1spm"]
[Site "Chess.com INT"]
[Date "2016.05.10"]
[Round "26"]
[White "Vachier Lagrave, Maxime"]
[Black "Caruana, Fabiano"]
[Result "1/2-1/2"]
[WhiteElo "2788"]
[BlackElo "2795"]
[PlyCount "105"]
[EventDate "2016.04.06"]
[EventType "match (blitz)"]
[EventRounds "26"]
[EventCountry "USA"]
[SourceTitle "EXT 2017"]
[Source "ChessBase"]
[SourceDate "2016.10.25"]
[SourceVersion "1"]
[SourceVersionDate "2016.10.25"]
[SourceQuality "1"]

1. e4 e5 2. Nc3 Nc6 3. Nf3 Nf6 4. Bb5 Bc5 5. O-O d6 6. d4 exd4 7. Nxd4 Bd7 8.
Bxc6 bxc6 9. Be3 O-O 10. Re1 Re8 11. f3 Rb8 12. Nb3 Bb6 13. Bxb6 axb6 14. Qd2
b5 15. Rad1 Be6 16. Nd4 Qd7 17. a3 c5 18. Nxe6 Qxe6 19. Nd5 Nxd5 20. Qxd5 Qf6
21. b3 Qb2 22. e5 Rxe5 23. Rxe5 Qxe5 24. Qxe5 dxe5 25. Rd5 f6 26. Rxc5 Ra8 27.
Rxb5 Rxa3 28. Rb8+ Kf7 29. Rb7 Ke6 30. Rxc7 Ra2 31. Rxg7 Rxc2 32. Rxh7 Kf5 33.
Rh4 Rb2 34. b4 Ke6 35. Rc4 Kd5 36. Rc5+ Kd4 37. Rc6 Ke3 38. h3 f5 39. Rc5 Kf4
40. Kh2 Rxb4 41. h4 e4 42. fxe4 fxe4 43. Kg1 Rb1+ 44. Kf2 e3+ 45. Ke2 Rb2+ 46.
Ke1 Rxg2 47. Rc8 Rh2 48. Rf8+ Kg4 49. Re8 Rxh4 50. Re4+ Kh3 51. Rxh4+ Kxh4 52.
Ke2 Kg3 53. Kxe3 1/2-1/2

[Event "chess.com qf blitz 3m+2spm"]
[Site "Chess.com INT"]
[Date "2016.05.10"]
[Round "11"]
[White "Caruana, Fabiano"]
[Black "Vachier Lagrave, Maxime"]
[Result "0-1"]
[WhiteElo "2795"]
[BlackElo "2788"]
[PlyCount "74"]
[EventDate "2016.04.06"]
[EventType "match (blitz)"]
[EventRounds "26"]
[EventCountry "USA"]
[SourceTitle "EXT 2017"]
[Source "ChessBase"]
[SourceDate "2016.10.25"]
[SourceVersion "1"]
[SourceVersionDate "2016.10.25"]
[SourceQuality "1"]

1. e4 c5 2. Nf3 d6 3. Bb5+ Bd7 4. Bxd7+ Qxd7 5. c4 Nf6 6. Nc3 g6 7. O-O Bg7 8.
d4 cxd4 9. Nxd4 O-O 10. f3 Rc8 11. b3 d5 12. exd5 Nxd5 13. Nxd5 e6 14. Be3 exd5
15. Rc1 dxc4 16. bxc4 Re8 17. Bf2 Nc6 18. Nb5 Rad8 19. Qxd7 Rxd7 20. Nxa7 Nxa7
21. Bxa7 Ra8 22. Bf2 Rd2 23. Rfd1 Rdxa2 24. Rb1 Rc2 25. Rxb7 h5 26. h4 Be5 27.
Re7 Bf6 28. Ra7 Rb8 29. Bd4 Bxh4 30. c5 Rd8 31. Ra4 Bg3 32. Kh1 Rxc5 33. Rda1
Rcd5 34. Bg1 Kh7 35. Ra7 Kg7 36. R7a4 Rd1 37. Ra7 Bf2 0-1

[Event "chess.com qf blitz 3m+2spm"]
[Site "Chess.com INT"]
[Date "2016.05.10"]
[Round "12"]
[White "Vachier Lagrave, Maxime"]
[Black "Caruana, Fabiano"]
[Result "1/2-1/2"]
[WhiteElo "2788"]
[BlackElo "2795"]
[PlyCount "133"]
[EventDate "2016.04.06"]
[EventType "match (blitz)"]
[EventRounds "26"]
[EventCountry "USA"]
[SourceTitle "EXT 2017"]
[Source "ChessBase"]
[SourceDate "2016.10.25"]
[SourceVersion "1"]
[SourceVersionDate "2016.10.25"]
[SourceQuality "1"]

1. e4 e6 2. d4 d5 3. Nd2 Nf6 4. e5 Nfd7 5. Bd3 c5 6. c3 Nc6 7. Ne2 f6 8. exf6
Qxf6 9. Nf3 cxd4 10. cxd4 Bd6 11. O-O O-O 12. Be3 e5 13. dxe5 Ndxe5 14. Nxe5
Bxe5 15. Ng3 Be6 16. Rb1 g6 17. b4 Bd6 18. Qd2 Ne5 19. Be2 Nf7 20. f4 Qh4 21.
Bc5 b6 22. Bxd6 Nxd6 23. Bd3 Rae8 24. Rbe1 Bf7 25. Re5 Rxe5 26. fxe5 Qd4+ 27.
Kh1 Qxe5 28. Qf2 Re8 29. h4 Qe3 30. Bc2 Qxf2 31. Rxf2 Kg7 32. Rd2 Kf6 33. Kg1
Ke5 34. Kf2 Nc4 35. Rd1 Be6 36. Re1+ Kd6 37. Ne2 Bg4 38. Nd4 Rxe1 39. Kxe1 Ne3
40. Kf2 Nxc2 41. Nxc2 Ke5 42. Ke3 Bd7 43. Nd4 h6 44. a3 Be8 45. g4 Bd7 46. Nf3+
Kd6 47. Kf4 h5 48. gxh5 gxh5 49. Nd4 a5 50. Nb3 axb4 51. axb4 d4 52. Nxd4 Kd5
53. Ne2 Kc4 54. Ng3 Be8 55. Kg5 Kxb4 56. Nxh5 Kc4 57. Nf6 Bf7 58. Nd7 b5 59.
Ne5+ Kd5 60. Nxf7 b4 61. h5 b3 62. h6 b2 63. h7 b1=Q 64. h8=Q Qg1+ 65. Kf6 Qd4+
66. Ke7 Qxh8 67. Nxh8 1/2-1/2

[Event "chess.com qf blitz 3m+2spm"]
[Site "Chess.com INT"]
[Date "2016.05.10"]
[Round "13"]
[White "Caruana, Fabiano"]
[Black "Vachier Lagrave, Maxime"]
[Result "1-0"]
[WhiteElo "2795"]
[BlackElo "2788"]
[PlyCount "85"]
[EventDate "2016.04.06"]
[EventType "match (blitz)"]
[EventRounds "26"]
[EventCountry "USA"]
[SourceTitle "EXT 2017"]
[Source "ChessBase"]
[SourceDate "2016.10.25"]
[SourceVersion "1"]
[SourceVersionDate "2016.10.25"]
[SourceQuality "1"]

1. d4 Nf6 2. Nf3 g6 3. Bf4 Bg7 4. e3 O-O 5. Be2 b6 6. h3 Bb7 7. O-O d6 8. Bh2
Nbd7 9. c4 e6 10. Nc3 Ne4 11. Nxe4 Bxe4 12. Nd2 Bb7 13. Bf3 Qc8 14. Rc1 e5 15.
d5 f5 16. e4 a5 17. Kh1 Nc5 18. Rc3 Rf7 19. exf5 gxf5 20. Bh5 Re7 21. f3 Qd7
22. Bg1 Kh8 23. Re1 Rg8 24. Nf1 Bc8 25. g4 e4 26. Ng3 exf3 27. Rxf3 fxg4 28.
hxg4 Rxe1 29. Qxe1 Qd8 30. Nf5 Be5 31. Nh6 Rf8 32. Rxf8+ Qxf8 33. Nf7+ Kg8 34.
Nxe5 dxe5 35. Qxe5 Nd3 36. Qg5+ Qg7 37. Qe3 Ne5 38. Qe4 Qf6 39. Kg2 Ng6 40.
Qe8+ Kg7 41. Bxg6 Bxg4 42. Be4 Qxb2+ 43. Kg3 1-0

[Event "chess.com qf blitz 3m+2spm"]
[Site "Chess.com INT"]
[Date "2016.05.10"]
[Round "14"]
[White "Vachier Lagrave, Maxime"]
[Black "Caruana, Fabiano"]
[Result "1/2-1/2"]
[WhiteElo "2788"]
[BlackElo "2795"]
[PlyCount "130"]
[EventDate "2016.04.06"]
[EventType "match (blitz)"]
[EventRounds "26"]
[EventCountry "USA"]
[SourceTitle "EXT 2017"]
[Source "ChessBase"]
[SourceDate "2016.10.25"]
[SourceVersion "1"]
[SourceVersionDate "2016.10.25"]
[SourceQuality "1"]

1. e4 e5 2. Nf3 Nc6 3. Bb5 Nf6 4. O-O Nxe4 5. Re1 Nd6 6. Nxe5 Be7 7. Bf1 Nxe5
8. Rxe5 O-O 9. Nc3 Ne8 10. Nd5 Bd6 11. Re1 c6 12. Ne3 Be7 13. c4 Nc7 14. d4 d5
15. cxd5 Bb4 16. Bd2 Bxd2 17. Qxd2 Nxd5 18. Bc4 Be6 19. Rac1 Qd7 20. Bxd5 Bxd5
21. Nxd5 Qxd5 22. Re7 Qxa2 23. Rxb7 Rab8 24. Rxb8 Rxb8 25. Rxc6 h6 26. h4 Qb1+
27. Rc1 Qxb2 28. Rc8+ Kh7 29. Qd3+ g6 30. Rc7 Qb1+ 31. Qxb1 Rxb1+ 32. Kh2 Kg7
33. Rxa7 Rd1 34. Rd7 Kf6 35. Kg3 Ke6 36. Rd8 Kf5 37. Kf3 Rd3+ 38. Ke2 Ra3 39.
Re8 h5 40. Re5+ Kf6 41. g3 Ra2+ 42. Kf3 Ra3+ 43. Kf4 Ra2 44. f3 Rd2 45. Re4 Rd1
46. g4 hxg4 47. fxg4 Rf1+ 48. Kg3 Rg1+ 49. Kf3 Rf1+ 50. Ke3 Re1+ 51. Kd3 Rh1
52. d5 Kg7 53. g5 f5 54. gxf6+ Kxf6 55. Kc4 Kf5 56. Rd4 Rc1+ 57. Kb5 Ke5 58.
Rc4 Rd1 59. Rg4 Rxd5+ 60. Kc4 Rd6 61. h5 gxh5 62. Rg5+ Kf6 63. Rxh5 Re6 64.
Rh6+ Ke7 65. Rxe6+ Kxe6 1/2-1/2

[Event "chess.com qf blitz 3m+2spm"]
[Site "Chess.com INT"]
[Date "2016.05.10"]
[Round "15"]
[White "Caruana, Fabiano"]
[Black "Vachier Lagrave, Maxime"]
[Result "0-1"]
[WhiteElo "2795"]
[BlackElo "2788"]
[PlyCount "66"]
[EventDate "2016.04.06"]
[EventType "match (blitz)"]
[EventRounds "26"]
[EventCountry "USA"]
[SourceTitle "EXT 2017"]
[Source "ChessBase"]
[SourceDate "2016.10.25"]
[SourceVersion "1"]
[SourceVersionDate "2016.10.25"]
[SourceQuality "1"]

1. d4 Nf6 2. c4 g6 3. Nf3 Bg7 4. e3 O-O 5. Be2 b6 6. O-O Bb7 7. Nc3 e6 8. b3 d5
9. Bb2 Nbd7 10. cxd5 exd5 11. a4 a5 12. Ba3 Re8 13. Nb5 Ne4 14. Nd2 Ndf6 15.
Nxe4 Nxe4 16. Bd3 Re6 17. Rc1 c6 18. Nc3 Nxc3 19. Rxc3 c5 20. Bb5 cxd4 21. exd4
Re4 22. Rd3 Rc8 23. Qd2 Qf6 24. Bb2 h5 25. f3 Re7 26. Re1 Bh6 27. Qd1 Rxe1+ 28.
Qxe1 Rc2 29. Ba3 Bc8 30. Be7 Qf4 31. Rd1 Bh3 32. Bf1 Bg7 33. gxh3 Qxh2# 0-1

[Event "chess.com qf blitz 3m+2spm"]
[Site "Chess.com INT"]
[Date "2016.05.10"]
[Round "16"]
[White "Vachier Lagrave, Maxime"]
[Black "Caruana, Fabiano"]
[Result "1-0"]
[WhiteElo "2788"]
[BlackElo "2795"]
[PlyCount "113"]
[EventDate "2016.04.06"]
[EventType "match (blitz)"]
[EventRounds "26"]
[EventCountry "USA"]
[SourceTitle "EXT 2017"]
[Source "ChessBase"]
[SourceDate "2016.10.25"]
[SourceVersion "1"]
[SourceVersionDate "2016.10.25"]
[SourceQuality "1"]

1. e4 e6 2. d4 d5 3. Nc3 Bb4 4. exd5 exd5 5. Bd3 Nc6 6. a3 Bxc3+ 7. bxc3 Nge7
8. Qf3 Be6 9. Nh3 Qd7 10. Ng5 O-O-O 11. O-O Rdf8 12. Nxe6 fxe6 13. Qe2 Nf5 14.
a4 Nd6 15. Re1 Re8 16. Bf4 Rhf8 17. Bg3 Nf5 18. Bb5 Nxg3 19. hxg3 a6 20. Bxc6
Qxc6 21. Qd3 g6 22. Re3 Rf5 23. g4 Rf6 24. a5 h5 25. gxh5 gxh5 26. Re5 h4 27.
Rh5 Ref8 28. f3 Qd6 29. Qe2 Qg3 30. Rf1 Rg8 31. Kh1 Rfg6 32. Rf2 Qf4 33. Qe5
Qc1+ 34. Kh2 Qa3 35. Rh7 Qxc3 36. Rxh4 Qxa5 37. f4 Qc3 38. f5 exf5 39. Rh3 Qc6
40. Qxf5+ Kb8 41. Qe5 a5 42. Rh7 Rh6+ 43. Rxh6 Qxh6+ 44. Kg1 Qc1+ 45. Kh2 Qh6+
46. Kg1 Rg5 47. Qe7 Qg7 48. Qe3 Rg4 49. c3 a4 50. Qe8+ Ka7 51. Qxa4+ Kb8 52.
Qe8+ Ka7 53. Ra2+ Kb6 54. Rb2+ Ka7 55. Qc8 c6 56. Qd8 b5 57. Ra2+ 1-0

[Event "USA-ch"]
[Site "Saint Louis"]
[Date "2016.04.14"]
[Round "1"]
[White "Caruana, Fabiano"]
[Black "Akobian, Varuzhan"]
[Result "1-0"]
[WhiteElo "2795"]
[BlackElo "2615"]
[Annotator "Iotov,V"]
[PlyCount "79"]
[EventDate "2016.04.14"]
[EventType "tourn"]
[EventRounds "11"]
[EventCountry "USA"]
[EventCategory "17"]
[SourceTitle "CBM 172"]
[Source "ChessBase"]
[SourceDate "2016.05.12"]
[SourceVersion "1"]
[SourceVersionDate "2016.05.12"]
[SourceQuality "1"]

1. e4 d5 2. exd5 Nf6 $6 {A rare variation which I cannot personally recommend.
It is a standard option for lower rated players to go for such rare variations
in order to surprise the opponent, however as seen in this case it can prove
to be quite a risky one.} 3. Bb5+ Bd7 4. Bc4 Bg4 5. f3 Bf5 6. Nc3 ({I took the
liberty of analysing this variation which seems to be quite good for White.
There doesn't seem to be enough evidence of counterplay for Black. In any case,
not the type of counterplay a player would willingly go for.} 6. g4 $5 Bc8 (
6... Bg6 7. Nc3 c6 8. f4 b5 9. Bb3 b4 10. f5 bxc3 11. dxc3 $16) 7. Nc3 c6 (7...
Nbd7 8. g5 Nb6 9. Bb5+ Nfd7 10. d4 Nxd5 11. Nxd5 c6 12. Qe2 cxd5 13. h4 a6 14.
Bd3 Nb6 15. Bf4 $16) 8. dxc6 Nxc6 9. Nge2 e5 (9... e6 10. d4 $16) 10. d3 Be7 $1
{Even though the alternative - 10...Bc5 - looks more logical from a human
perspective, this seems to be the better move. Black sacrificed a pawn and is
almost forced to play more defensive moves, which is exactly my problem with
the whole line. There is compensation, but it is the type of compensation
which can be very difficult to utilise in a real - practical - game.} (10...
Bc5 11. Bg5 (11. g5 $5) 11... O-O 12. Qd2 h6 13. Bh4 (13. Bxh6 $6 gxh6 14. Qxh6
Nh7 15. Ne4 Nd4 16. Nxd4 Bxd4 17. O-O-O (17. h4 Qb6 18. Qxb6 Bxb6 19. O-O-O Bd7
20. Rde1 $14) (17. g5 Be3 18. Ke2 Bf4 $132) 17... b5 $1 18. Qg6+ Kh8 19. Bxf7
Bb7 $132) 13... Nd4 (13... e4 14. fxe4 Nxe4 15. Bxd8 Nxd2 16. Kxd2 Rxd8 17. h3
$16) (13... Rb8 14. O-O-O b5 15. Bb3 Qb6 16. Kb1 Be3 17. Qe1 $16) 14. Nxd4 exd4
15. Nd5 Qe8+ 16. Kf2 Nxd5 17. Bxd5 $16) 11. Be3 O-O 12. O-O (12. Ng3 a6 13. g5
Nd7 14. Nce4 Nb6 15. Bb3 (15. h4 Nxc4 16. dxc4 Be6 17. Qxd8 Rfxd8 18. Bb6 Rd7
19. b3 Nd4 20. Bxd4 Rxd4 21. Ke2 Rad8 $44) 15... Bh3 $132) (12. Qd2 e4 $1 13.
g5 Ne5 14. Ng1 exd3 15. gxf6 Nxc4 16. fxe7 Qxe7 17. Nd5 Qh4+ 18. Qf2 d2+ 19.
Bxd2 Qxf2+ 20. Kxf2 Nxd2 21. Rd1 Nc4 22. Ne2 f6 $132) 12... Be6 13. Ng3 (13.
Bxe6 fxe6 14. Qd2 Nd4 15. Rae1 Rc8 $132) 13... Nd4 14. Nce4 $14 {White is a
clear pawn up. Black's potential counterplay lies within the open c-file and
the exposure of White's king. However, the problem is that Black's pieces
don't seem active enough to actually create serious problems for White.} (14.
Bxe6 Nxe6 15. Nf5 Re8 16. Nxe7+ Rxe7 17. Qd2 Rc8 $44)) 6... Nbd7 7. g4 Nb6 8.
b3 $5 {An interesting move! However, the alternative 8.Bb3 seems to be the
better option. That being said, I completely understand why Caruana would go
for 8.b3. Such a move creates more practical problems for the opponent while
retaining the slight positional advantage. Sometimes the best move in the
position is not the best move! Psychology is a key element in every high level
game.} (8. Bb3 Bc8 9. d4 Nfxd5 10. Ne4 (10. Nxd5 $6 Nxd5 11. c4 Nb6 12. Ne2 e5
13. O-O exd4 14. Nxd4 Be7 $11) 10... h5 11. g5 Bf5 12. Ne2 e6 13. c4 Ne7 14.
Be3 Ng6 15. N2c3 Bb4 16. Qe2 Qd7 17. O-O-O $14 {with control of the centre as
well as a spatial advantage, White's position is solid and with lots of
potential!}) 8... Bc8 9. Bb2 Nfxd5 (9... h5 $1 {The d5-pawn is already doomed.
There is no need to rush and take it right away. White's advantage lies within
the spatial advantage on the kingside. Time is of crucial importance if Black
is to ever create counterplay before White finishes the development stage.} 10.
Qe2 (10. g5 $6 Nfxd5 11. Nxd5 Nxd5 $11) 10... hxg4 11. Bb5+ Bd7 12. fxg4 Nfxd5
13. Nxd5 Nxd5 14. Bxd7+ Qxd7 15. O-O-O O-O-O 16. h4 $14) 10. Nxd5 Nxd5 11. Qe2
{There are several worthy options for Black at the moment, and 11...e6 is not
one of them. Sometimes it is not enough to simply develop your pieces, but
also to be active while doing it. Staying passive is almost always a sign of
imminent doom.} e6 (11... a6 $5 {with the idea ...b5. However, the main
purpose of the move is to remove the active bishop from c4. Akobian is already
behind in development and only active moves can save the position!} 12. O-O-O (
12. Nh3 b5 13. Bxd5 Qxd5 14. Nf4 Qc6 15. O-O-O Bb7 16. Rhf1 O-O-O $132) 12...
b5 13. Bxd5 Qxd5 14. Nh3 Qe6 $1 {Destabilising the white queen!} (14... Bb7 15.
Rhf1 O-O-O 16. Nf4 Qd7 17. Nd3 e6 18. f4 $14) 15. Qf2 Bb7 16. Rhe1 Qd7 17. Ng5
e6 $132) (11... Nb4 $1 {A dangerous looking move! Sometimes the best defence
is attack!} 12. O-O-O (12. d3 e6 $11) 12... Nxa2+ 13. Kb1 Nb4 {Having an extra
pawn gives Black the possibility to sacrifice a pawn in the future in order to
solve potential problems.} 14. Nh3 (14. Qe4 e6 15. Ne2 (15. f4 Bd7 16. Nf3 b5
17. Be2 Bc6 18. Qe5 Bd5 19. f5 c6 20. fxe6 f6 21. Qf5 Qa5 22. Nd4 Qa2+ 23. Kc1
Nd3+ 24. cxd3 Ba3 25. Bxa3 Qxa3+ 26. Kb1 O-O $11) 15... Bd7 16. Qxb7 a5 $132)
14... c6 15. Nf4 Bd7 16. c3 Nd5 17. Nxd5 cxd5 18. Bxd5 e6 19. d4 Be7 20. Bc4
O-O $11) (11... h5 $6 {This move is no longer a possibility because of its
inability to force White into playing Bb5.}) 12. O-O-O b6 $2 {A crucial
mistake! Not only that Black willfully develops his bishop away from
protecting the e6-pawn but it also wastes development time.} (12... h5 $6 13.
h4 $1) (12... Qd6 $5 13. Nh3 Bd7 14. f4 f6 $132) 13. Nh3 Bb7 14. f4 $32 {
Black's position begins to crumble!} Bd6 (14... Qe7 $1 15. f5 O-O-O 16. Qe5 f6
17. Qxe6+ Qxe6 18. fxe6 h6 19. Rhf1 Bd6 20. Rf2 Rhe8 21. Re1 c5 $44 {Black is
still a pawn down, but at least he's assumed some control over the position.
Furthermore, White's pieces don't seem to be well coordinated.}) 15. f5 Qe7 16.
Bxg7 (16. fxe6 $5 {An interesting, yet needless variation. Simply put - white
has too many good options to choose from.} fxe6 17. Rhe1 O-O-O 18. Qxe6+ Qxe6
19. Rxe6 Bxh2 20. Re2 Bd6 21. Ng5 Nf4 22. Rf2 Rhf8 23. Rdf1 b5 24. Bxb5 h6 25.
Nh7 Rh8 26. Rxf4 Bxf4 27. Rxf4 Rxh7 28. Rf7 Bd5 29. Re7 $16) 16... Rg8 17. Bb2
O-O-O 18. Rhf1 Rde8 19. f6 Qf8 20. g5 {The game seems to be almost over. Black
is a pawn down with nothing to show for it. From now on is simply a matter of
technique to wrap up the game!} h6 21. Rg1 (21. Qh5 $142 $1 hxg5 22. Nxg5 Nf4
23. Rxf4 Bxf4 24. Nxf7 Rg2 25. h4 Kb8 26. Kb1 $18) 21... hxg5 22. Nxg5 Rh8 23.
h3 $6 (23. Nxf7 $1 {A brilliant tactical motif which could have ended the game
right away!} Qxf7 24. Rg7 Qf8 (24... Qh5 25. f7 Rd8 26. Qxe6+ Kb8 27. Rg8 $18)
25. f7 Rd8 (25... Re7 26. Qg4 $18) 26. Qxe6+ Kb8 27. Bxd5 Bxd5 28. Qxd5 Qxg7
29. Bxg7 Ba3+ 30. Kb1 Rxd5 31. Bxh8 Rf5 32. h4 Rxf7 33. Rh1 Rh7 34. Bf6 $18)
23... Rh6 24. Rdf1 a5 25. Kb1 Kb8 26. Rg4 Rd8 27. h4 (27. Nxe6 $1 fxe6 28. f7
Nf4 29. Rgxf4 Bxf4 30. Rxf4 Rxh3 31. Rf1 $18) 27... Ka7 28. Be5 (28. Nxe6 $1
fxe6 29. f7 $18) 28... Rd7 29. Bb5 Rd8 30. Bxd6 cxd6 (30... Rxd6 31. Qe5 Kb8
32. a3 Ka7 33. Kb2 Kb8 34. Ne4 Rd8 35. c4 $18 {There is no counterplay. There
is no hope!}) 31. Bc4 (31. c4 Nxf6 32. Rgf4 Qg7 33. Qf2 $18) 31... Nc7 32. Nxf7
Qxf7 33. Rg7 Qf8 34. Rxc7 Rxf6 35. Rxf6 Qxf6 36. Qxe6 Qxh4 37. Bd5 Rb8 38. Qf7
Qe1+ 39. Kb2 Qe5+ 40. c3 {A stellar game from Caruana! The poor choice of
opening cost Akobian his game. The Scandinavian Defence is a solid opening
which is meant to be played as a solid, more passive, alternative rather than
an active one.} 1-0